Statistics for People called Black, Brown or White: PICTURE QUIZ

Click here to take the quiz!

General Stats

  • This quiz has been taken 355 times
  • The average score is 9 of 10

Answer Stats

Answer% Correct
Jack Black
96%
Betty White
93%
James Brown
93%
Barry White
87%
Cilla Black
86%
Jack White
86%
Ian Brown
84%
Karen Black
81%
Meg White
81%
Dustin Lance Black
79%

Score Distribution

Percentile by Number Answered

Percent of People with Each Score

Your Score History

You have not taken this quiz